Rajd Polski - zwycięzcy (1960 - obecnie) - Statystyki

Ogólne statystyki
  • Ten quiz został rozwiązany 15 razy
  • Średni wynik to 19 z 61
Statystyki odpowiedzi
Rok Samochód Kraj pochodzenia Kierowca % Poprawnych
1996 Toyota Celica T 4WD Polska Krzysztof Hołowczyc
87%
1998 Subaru Impreza WRC Polska Krzysztof Hołowczyc
87%
2005 Subaru Impreza N11 Polska Krzysztof Hołowczyc
87%
2010 Subaru Impreza STR09 Polska Kajetan Kajetanowicz
80%
2011 Subaru Impreza TMR Polska Kajetan Kajetanowicz
80%
2013 Ford Fiesta R5 Polska Kajetan Kajetanowicz
80%
2001 Toyota Corolla WRC Polska Leszek Kuzaj
80%
2006 Subaru Impreza N12 Polska Leszek Kuzaj
80%
2014 Volkswagen Polo R WRC Francja Sebastien Ogier
80%
2015 Volkswagen Polo R WRC Francja Sebastien Ogier
80%
2024 Toyota GR Yaris Rally1 Finlandia Kalle Rovanpera
73%
1964 Steyr-Puch 650TR Polska Sobiesław Zasada
73%
1967 Porsche 912 Polska Sobiesław Zasada
73%
1969 Porsche 911S Polska Sobiesław Zasada
73%
1971 BMW 2002 tii Polska Sobiesław Zasada
73%
2002 Ford Focus WRC Polska Janusz Kulig
67%
2023 Škoda Fabia RS Rally2 Łotwa Martins Sesks
67%
2022 Škoda Fabia Rally2 evo Polska Mikołaj Marczyk
67%
2017 Hyundai i20 Coupe WRC Belgia Thierry Neuville
67%
2009 Ford Focus RS WRC 08 Finlandia Mikko Hirvonen
53%
2016 Volkswagen Polo R WRC Norwegia Andreas Mikkelsen
40%
2019 Citroën C3 R5 Rosja Aleksiej Łukjaniuk
33%
2021 Citroën C3 Rally2 Rosja Aleksiej Łukjaniuk
33%
2012 Škoda Fabia S2000 Finlandia Esapekka Lappi
33%
2008 Mitsubishi Lancer Evo IX Polska Michał Bębenek
33%
1994 Ford Escort Cosworth Belgia Patrick Snijers
33%
1997 Ford Escort Cosworth WRC Belgia Patrick Snijers
33%
1999 Toyota Corolla WRC Polska Robert Gryczyński
33%
1976 Lancia Stratos Polska Andrzej Jaroszewicz
20%
2018 Škoda Fabia R5 Rosja Nikołaj Griazin
20%
2004 Peugeot 306 Maxi Kit Car Włochy Luca Pedersoli
13%
2003 Peugeot 206 WRC Portugalia Miguel Campos
13%
1977 Lancia Stratos Francja Bernard Darniche
7%
1995 Toyota Celica T 4WD Włochy Enrico Bertone
7%
2000 Toyota Corolla WRC Dania Henrik Lundgaard
7%
1965 BMC Mini Cooper S Finlandia Rauno Aaltonen
7%
1973 Fiat 124 Abarth Rally Niemcy Achim Warmbold
0%
1978 Fiat 131 Abarth Hiszpania Antonio Zanini
0%
1979 Fiat 131 Abarth Hiszpania Antonio Zanini
0%
1980 Porsche 911 Hiszpania Antonio Zanini
0%
1987 Audi Coupé Quattro Węgry Attila Ferjancz
0%
1985 Renault 5 Turbo Jugosławia Branislav Kuzmič
0%
1986 Renault 5 Turbo Jugosławia Branislav Kuzmič
0%
1963 Mercedes-Benz 220SE Niemcy Dieter Glemser
0%
1992 Mitsubishi Galant VR-4 Niemcy Erwin Weber
0%
1961 Mercedes-Benz 220SE Niemcy Eugen Bohringer
0%
1962 Mercedes-Benz 220SE Niemcy Eugen Bohringer
0%
1984 Mazda RX-7 Szwecja Ingvar Carlsson
0%
1970 Alpine-Renault A110 1600 Francja Jean-Claude Andruet
0%
1974 Porsche 911 Carrera RS Austria Klaus Russling
0%
1968 Renault 8 Gordini Polska Krzysztof Komornicki
0%
1988 Ford Sierra Cosworth Belgia Marc Soulet
0%
1975 Fiat 124 Abarth Włochy Maurizio Verini
0%
2007 Subaru Impreza N12 Szwecja Oscar Svedlund
0%
1991 Lancia Delta Integrale Włochy Piero Liatti
0%
1972 Fiat 124 Spider Rally Włochy Raffaele Pinto
0%
1989 Ford Sierra Cosworth Belgia Robert Droogmans
0%
1990 Lancia Delta Integrale Belgia Robert Droogmans
0%
1993 Ford Escort Cosworth Belgia Robert Droogmans
0%
1966 BMC Mini Cooper Wielka Brytania Tony Fall
0%
1960 Mercedes-Benz 220SE Niemcy Walter Schock
0%
Nie znaleziono quizów pasujących do podanych kryteriów
Rozkład punktacji
Procent ludzi z każdym wynikiem
Percentyl według liczby udzielonych odpowiedzi
Twoja historia wyników
Nie rozwiązałeś tego quizu